<?xml version="1.0" encoding="UTF-8"?>
<marc:record xmlns:marc="http://www.loc.gov/MARC21/slim">
   <marc:leader>00000nam a2200000 a 4500</marc:leader>
   <marc:datafield ind1="1" ind2=" " tag="100">
      <marc:subfield code="a">Arland, Henny</marc:subfield>
      <marc:subfield code="4">aut</marc:subfield>
      <marc:subfield code="e">Verfasser/-in</marc:subfield>
   </marc:datafield>
   <marc:datafield ind1="0" ind2="0" tag="245">
      <marc:subfield code="a">Und Wien leuchtete</marc:subfield>
   </marc:datafield>
   <marc:datafield ind1="0" ind2="0" tag="245">
      <marc:subfield code="b">Roman</marc:subfield>
   </marc:datafield>
   <marc:datafield ind1=" " ind2="1" tag="264">
      <marc:subfield code="b">dtv</marc:subfield>
      <marc:subfield code="c">2024</marc:subfield>
   </marc:datafield>
   <marc:datafield ind1="1" ind2=" " tag="520">
      <marc:subfield code="a">Wien, 1928. Die drei älteren Damen in Emilie Flöges Modesalon sind beunruhigt. Ein Fräulein Wimmer aus Berlin hat sich angesagt, Interviews will sie machen mit den &amp;#x00bb;Königinnen von Wien&amp;#x00ab;. Aber was wird sie wissen wollen? Dass Anna Sacher Bulldoggen züchtet, Zigarren raucht und ihr Geld gern auf die Pferderennbahn trägt, ist allseits bekannt. Das Rezept der berühmten Sacher-Torte wird sie eh nie verraten. Dass Emilie nie geheiratet hat, ist ebenfalls kein Geheimnis. Modell hat sie gestanden, dem berühmtesten Maler Wiens, Gustav Klimt. Helene Stein-Kleiner, die Frau des Zuckerfabrikanten, will nicht über die Vergangenheit reden, weil einer der größten Skandale Wiens ihr privilegiertes Leben für immer verändert hat. Doch wie sich herausstellt, hat die junge Frau aus Berlin ihre eigene Agenda.</marc:subfield>
   </marc:datafield>
   <marc:datafield ind1=" " ind2=" " tag="020">
      <marc:subfield code="a">9783423284325</marc:subfield>
      <marc:subfield code="9">9783423284325</marc:subfield>
   </marc:datafield>
</marc:record>
